All Good Things (come to an end) - Nelly Furtado - Statistics

General Stats
  • This quiz has been taken 21 times
  • The average score is 297 of 378
Answer Stats
Answer % Correct
a
100%
come
100%
Come
100%
end
100%
good
100%
things
100%
to
100%
all
94%
an
94%
do
94%
dust
94%
friends
94%
Why
94%
why
94%
Flames
88%
I
88%
Lovers
88%
me
82%
the
82%
The
82%
We
82%
we
82%
are
76%
Don't
76%
don't
76%
dont
76%
Honestly
76%
is
76%
it
76%
It's
76%
like
76%
reality
76%
stay
76%
Stay
76%
what
76%
when
76%
and
71%
And
71%
if
71%
see
71%
they
71%
were
71%
wonder
71%
But
65%
clear
65%
life
65%
only
65%
that
65%
too
65%
want
65%
way
65%
at
59%
become
59%
day
59%
daydreaming
59%
dream
59%
feel
59%
of
59%
really
59%
so
59%
So
59%
stop
59%
this
59%
will
59%
Wondering
59%
wondering
59%
could
53%
cry
53%
Die
53%
die
53%
everything
53%
exits
53%
I'll
53%
in
53%
miss
53%
moon
53%
new
53%
Traveling
53%
whistling
53%
Whistling
53%
would
53%
away
47%
dogs
47%
Dogs
47%
gravity
47%
Hoping
47%
Living
47%
restless
47%
soon
47%
stress
47%
Young
47%
Barking
41%
barking
41%
dandy
41%
for
41%
less
41%
pull
41%
tune
41%
dies
35%
pain
35%
sets
35%
was
35%
Well
35%
feeling
29%
how
29%
sky
29%
sun
29%
'Til
29%
bring
24%
clouds
24%
dropping
24%
falling
24%
rain
24%
salvation
24%
should
24%
went
24%
forgot
18%
No matching quizzes found
Score Distribution
Percent of People with Each Score
Percentile by Number Answered
Your Score History
You have not taken this quiz